00558nam a2200193Ia 450000500170000000800410001702000230005804000190008104100120010008200170011210000170012924500580014625000510020426000370025530000130029265000210030570000270032685000110035320240104113742.0131103s9999 xx 000 0 und d a8126013478cRs 120 aLoreto College aEnglish a894.811bASH aAshokamitran aMy father's Friend and Other Stories, cAshokamitran aTranslated from the Tamil by Lakshmi Holmstrom aNew DelhibSahitya Akademic2002 axi,207p  aFiction in Tamil aHolmstrom, Lakshmi, tr aLCLIB